| 000 | 00533nam a2200169 a 4500 | ||
|---|---|---|---|
| 005 | 20210223120733.0 | ||
| 008 | 991125s1939 mx 000 0 spa u | ||
| 035 | _aUPN01000006410 | ||
| 049 | _aSEP | ||
| 050 | 4 |
_aL227 _bM2 1939 |
|
| 110 | 1 |
_aMéxico. _bSecretaría de Educación Pública. _bOficina de Acción Social |
|
| 245 | 1 | 0 |
_aCampaña anti-alcohólica / _cSecretaría de Educación Pública, Oficina de Acción Social. |
| 260 |
_aMéxico : _bSEP, _c1939. |
||
| 300 | _a5 h. | ||
| 650 | 4 |
_aANTIALCOHOLISMO _94753 |
|
| 905 | _aLibro | ||
| 999 |
_c6410 _d6410 |
||